Hodnotenie kohéznych vlastností reaktívnych PUR tavných lepidiel : Diplomová práca

Salvato in:
Dettagli Bibliografici
Autore principale: Beková, Adriána (Autore)
Altri autori: Vanko, Vladimír (xxx)
Natura: Manoscritto Libro
Lingua:slovacco
Pubblicazione: Trnava : STU v Bratislave MtF KNM, 2003
Soggetti:
Tags: Aggiungi Tag
Nessun Tag, puoi essere il primo ad aggiungerne!!

MARC

LEADER 00000ntm a22000003a 4500
001 stu82307
005 20160719154917.0
008 031103s2003----xo------------------slo-d
040 |a STU  |b slo 
041 0 |a slo 
044 |a xo 
100 1 |a Beková, Adriána  |4 aut 
245 1 |a Hodnotenie kohéznych vlastností reaktívnych PUR tavných lepidiel :  |b Diplomová práca 
260 |a Trnava :  |b STU v Bratislave MtF KNM,  |c 2003 
300 |a 61 s  |c abstr. 
650 7 |a tavné lepidlá  |2 stusub 
650 7 |a rýchlosť sieťovania  |2 stusub 
650 7 |a spracovanie plastov  |2 stusub 
700 1 |a Vanko, Vladimír  |4 xxx 
996 |b 284M037808  |c M*DP-4808  |l MMSKP  |s P  |a 0  |w stu82307_0001